000 00570nam a2200169 a 4500
008 120416s1972 ||||||||||||||||| || u
050 _aQA 402 Smy
100 _aSymith, Michael P
245 1 0 _aLinear Engineering systems
246 _atools and techniques
260 _aNew York
_bPergamon Press
_c1972
300 _ax, 374p. : ill.
350 _a0.00
650 _aENGINEERING
650 _aSYSTEMS ANALYSIS
995 _D0.00
_FCBU-MAIN LIBRARY (Kitwe)
_H1
_I4.80
_M1
_UAVAILABLE
_ZAnnex Low-Usage Collection
999 _c49313
_d49313